000 00365nam a2200133Ia 4500
008 151001s9999||||xx |||||||||||||| ||und||
100 _aSibnarayan Ray
245 _aIn Freedoms wuest
250 _a1
260 _bMinerva associates
260 _c1998
300 _a205
365 _b21
999 _c974911
_d974908